El malestar en la profesin̤ jurd̕ica Tensiones entre la ťica personal y la ťica profesional de los abogados /

Bibliographic Details
Main Author: Anzola Rodrg̕uez, Sergio Ivǹ
Format: eBook
Language:Spanish
Published: Bogot:̀ Universidad de Los Andes (Colombia), 2019
Subjects:
Online Access:Acceso restringido

MARC

LEADER 00000nam a22000007a 4500
005 2019090404394.0
007 cr|||| ||||
008 190904s2019 co |||||s|||| 00||0 spa d
020 |a 978-958-774-836-9 
035 |a 24802 
040 |a vLex 
090 |c 9389  |d 9389 
100 1 |a Anzola Rodrg̕uez, Sergio Ivǹ 
245 1 2 |a El malestar en la profesin̤ jurd̕ica  |h [Recurso electrn̤ico] :  |b Tensiones entre la ťica personal y la ťica profesional de los abogados /  |c Sergio Ivǹ Anzola Rodrg̕uez 
256 |a Servicio en ln̕ea 
260 |a Bogot:̀  |b Universidad de Los Andes (Colombia),  |c 2019 
300 |a 1 recurso electrn̤ico 
500 |a El malestar en la profesin̤ jurd̕ica tiene dos props̤itos: el primero es explorar y develar, mediante un trabajo de campo realizado en Bogot,̀ las tensiones que experimentan los abogados entre su ťica personal o comn︢ y las exigencias que les impone la ťica profesional para cumplir su rol particular de abogado. El segundo, indagar las razones por las cuales dichas tensiones han permanecido en las sombras tanto para los abogados practicantes como para la academia jurd̕ica colombiana, que se ha interesado muy poco por el tema de la ťica profesional. Por medio de un anl̀isis jurd̕ico riguroso y crt̕ico de las normas y la jurisprudencia del campo de la ťica profesional del abogado colombiano, por un lado, y algunos conceptos particulares del psicoanl̀isis como los mecanismos de defensa, el trauma, la culpa y el masoquismo moral, por el otro, este libro explica por qu,̌ a pesar de que las tensiones entre la ťica personal y la profesional y el sentimiento de culpa son muy comunes en la prc̀tica jurd̕ica, los abogados tambiň las disfrutan, mientras la academia permanece impv̀ida y silenciosa ante este fenm̤eno. 
506 1 |a Disponible solo en los productos indicados  |d vLex Global  |d vLex Global (Academic Edition, excluding Law Schools)  |d vLex Global (U.S. Academic Edition, Law Schools)  |d vLex Global (U.S. Academic Edition, excluding Law Schools)  |d vLex Global (Academic Edition, Law Schools) 
650 0 4 |a Abogados  |z Colombia 
650 0 4 |a Derecho Pb︢lico y Administrativo  |z Colombia 
740 0 |a vLex Libros (Servicio en ln̕ea) 
856 4 0 |u http://vlex.com/source/malestar-en-la-profesion-juridica-tensiones-entre-la-etica-personal-y-la-etica-profesional-de-los-abogados-24802  |z Acceso restringido 
942 |c BOOK 
999 0 |a Lawyers 
999 0 |a Public and Administrative Law